[Event "Belgrade Trophy 32nd"]
[Site "Belgrade"]
[Date "2018.12.02"]
[Round "9"]
[White "Maslar, Ljubisa"]
[Black "Otasevic, Djuro"]
[Result "1/2-1/2"]
[WhiteElo "1700"]
[BlackElo "1992"]
[PlyCount "68"]
[EventDate "2018.11.24"]
[EventType "swiss"]
[EventRounds "9"]
[EventCountry "SRB"]
[SourceTitle "CBM 187 Extra"]
[Source "ChessBase"]
[SourceDate "2018.11.04"]
[SourceVersion "1"]
[SourceVersionDate "2018.11.04"]
[SourceQuality "1"]

1. d4 Nf6 2. Nf3 e6 3. g3 d5 4. Bg2 c5 5. c4 cxd4 6. 0-0 Nc6 7. Nxd4 Qb6 8. Nxc6 bxc6 9. cxd5 cxd5 10. Nc3 Be7 11. e4 dxe4 12. Nxe4 Nd5 13. Nc3 Nxc3 14. bxc3 Bb7 15. Be3 Qa6 16. Bxb7 Qxb7 17. Qa4+ Qd7 18. Qxd7+ Kxd7 19. Rab1 Kc6 20. Rb3 Rhd8 21. Rfb1 Rd7 22. a4 Bc5 23. Bxc5 Kxc5 24. a5 Rad8 25. Kg2 Rd3 26. Rb7 R8d7 27. R7b3 Kc6 28. Rb4 R3d5 29. a6 Ra5 30. Rb7 Rxa6 31. Rxd7 Kxd7 32. Rb7+ Ke8 33. c4 Rc6 34. Rxa7 Rxc4 1/2-1/2

[Event "Belgrade-chT"]
[Site "Belgrade"]
[Date "2018.05.11"]
[Round "5"]
[White "Joksic, Dragan"]
[Black "Maslar, Ljubisa"]
[Result "0-1"]
[WhiteElo "1470"]
[BlackElo "1698"]
[PlyCount "41"]
[EventDate "2018.05.07"]
[EventType "team-swiss"]
[EventRounds "5"]
[EventCountry "SRB"]
[SourceTitle "CBM 184 Extra"]
[Source "ChessBase"]
[SourceDate "2018.06.28"]
[SourceVersion "1"]
[SourceVersionDate "2018.06.28"]
[SourceQuality "1"]
[WhiteTeam "Belgrade Pogledi II"]
[BlackTeam "Belgrade Zemun"]
[WhiteTeamCountry "SRB"]
[BlackTeamCountry "SRB"]

1. e4 d5 2. e5 Bf5 3. d4 c5 4. dxc5 e6 5. Bd3 Bxc5 6. Bxf5 exf5 7. Nf3 Ne7 8. 0-0 0-0 9. a3 a6 10. Qd3 h6 11. c3 Nbc6 12. b4 Ba7 13. Be3 Bxe3 14. Qxe3 Re8 15. Nd4 Nxd4 16. cxd4 Ng6 17. f4 Rc8 18. Nd2 Nf8 19. Rac1 Ne6 20. Rxc8 Qxc8 21. Nb3 0-1

[Event "SRB-ch sf"]
[Site "Belgrade"]
[Date "2016.03.29"]
[Round "9"]
[White "Vukovic, Ilija"]
[Black "Maslar, Ljubisa"]
[Result "1-0"]
[WhiteElo "1636"]
[BlackElo "1797"]
[PlyCount "93"]
[EventDate "2016.03.21"]
[EventType "swiss"]
[EventRounds "9"]
[EventCountry "SRB"]
[SourceTitle "CBM 171 Extra"]
[Source "ChessBase"]
[SourceDate "2016.04.26"]
[SourceVersion "1"]
[SourceVersionDate "2016.04.26"]
[SourceQuality "1"]

1. e4 g6 2. d4 Bg7 3. Nc3 d6 4. Be3 Nd7 5. Qd2 e5 6. dxe5 Nxe5 7. Nf3 Ne7 8. Nxe5 Bxe5 9. f4 Bg7 10. 0-0-0 0-0 11. h3 a6 12. g4 b5 13. Bd4 Bxd4 14. Qxd4 Bb7 15. Rh2 Nc6 16. Qd2 Na5 17. g5 Re8 18. Nd5 Bxd5 19. Qxd5 Rb8 20. h4 Qe7 21. Bd3 Qe6 22. Qxe6 fxe6 23. Rdh1 Kg7 24. h5 Rh8 25. f5 exf5 26. exf5 gxf5 27. Bxf5 h6 28. g6 Rhf8 29. Be6 Rbe8 30. Bf7 Re7 31. Rf1 Nc6 32. Rhf2 Nd8 33. Bd5 Rxf2 34. Rxf2 Re5 35. Bf3 d5 36. Rd2 c6 37. Bd1 c5 38. Bf3 Re1+ 39. Rd1 Rxd1+ 40. Kxd1 d4 41. Bd5 Kf6 42. Ke2 a5 43. Kd3 a4 44. b4 cxb4 45. Kxd4 b3 46. cxb3 axb3 47. axb3 1-0